000
00313nam a2200133Ia 4500
008
220214s9999 xx 000 0 und d
041
_a
Mal
245
0
_a
KARSHAKAN
260
_a
Kottayam
310
_a
M
500
_a
Missing Volume: 1996(Jan-Aug)
500
_a
Starting Volume & Year: 1996, 2000
942
_c
BJ
999
_c
18482
_d
18482